<?xml version="1.0" encoding="UTF-8"?>
<record
    xmlns:xsi="http://www.w3.org/2001/XMLSchema-instance"
    xsi:schemaLocation="http://www.loc.gov/MARC21/slim http://www.loc.gov/standards/marcxml/schema/MARC21slim.xsd"
    xmlns="http://www.loc.gov/MARC21/slim">

  <leader>02979njm a2200409Ia 4500</leader>
  <controlfield tag="001">20719</controlfield>
  <controlfield tag="003">IT-RoPAU</controlfield>
  <controlfield tag="005">20220918181135.0</controlfield>
  <controlfield tag="008">131025s9999    xx            000 0 und d</controlfield>
  <datafield tag="040" ind1=" " ind2=" ">
    <subfield code="a">IT-RoPAU</subfield>
  </datafield>
  <datafield tag="040" ind1=" " ind2=" ">
    <subfield code="c">IT-RoPAU</subfield>
  </datafield>
  <datafield tag="041" ind1=" " ind2=" ">
    <subfield code="a">SPAGNOLO</subfield>
  </datafield>
  <datafield tag="999" ind1=" " ind2=" ">
    <subfield code="c">100835</subfield>
    <subfield code="d">100835</subfield>
  </datafield>
  <datafield tag="999" ind1=" " ind2=" ">
    <subfield code="b">n.d.</subfield>
  </datafield>
  <datafield tag="100" ind1=" " ind2=" ">
    <subfield code="a">Parra Violeta</subfield>
    <subfield code="9">2710</subfield>
  </datafield>
  <datafield tag="100" ind1=" " ind2=" ">
    <subfield code="e">Autore musica</subfield>
    <subfield code="9">2711</subfield>
  </datafield>
  <datafield tag="100" ind1=" " ind2=" ">
    <subfield code="g">Codice autore musica SPICS: 22932</subfield>
    <subfield code="9">2712</subfield>
  </datafield>
  <datafield tag="245" ind1=" " ind2=" ">
    <subfield code="a">Nueva cancion chilena (La)-Inti-Illimani vol. 2</subfield>
  </datafield>
  <datafield tag="250" ind1=" " ind2=" ">
    <subfield code="a">1a ed.</subfield>
  </datafield>
  <datafield tag="260" ind1=" " ind2=" ">
    <subfield code="a">MILANO</subfield>
  </datafield>
  <datafield tag="260" ind1=" " ind2=" ">
    <subfield code="b">VEDETTE RECORDS</subfield>
    <subfield code="c">1974 [1a Ed.:1974 - Ed. Lingua Orig.: 1974]</subfield>
  </datafield>
  <datafield tag="300" ind1=" " ind2=" ">
    <subfield code="a">DISCO</subfield>
  </datafield>
  <datafield tag="300" ind1=" " ind2=" ">
    <subfield code="c">3 minuti (Testo:  pag.)</subfield>
  </datafield>
  <datafield tag="500" ind1=" " ind2=" ">
    <subfield code="a">Canzoni cilene. Musica cilena. Traduzione del testo in italiano e inglese. Asi como hoy matan negros (Cos&#xEC; come oggi uccidono i negri; questa canzone appartiene ad un lavoro teatrale di Pablo Neruda intitolato "Fulgor y muerte de Joaquin Murieta" che narra la vicenda dei cileni che giunti in California inseguendo il sogno dell'oro organizzano uno sciopero e vengono uccisi dalle autorit&#xE0;). Exilada del sur (Esiliata del sud; in questo testo "classiche decine ottosillabe popolari" Violeta Parra nomina le localit&#xE0; la fauna e la flora pi&#xF9; tipiche del sud cileno).</subfield>
  </datafield>
  <datafield tag="505" ind1=" " ind2=" ">
    <subfield code="a">Tocata y fuga [(strumentale) (3:00)] - Corazon maldito (3:00) - Run-Run se fue p&#xE0; l norte [(strumentale) (5:00)] - El aparecido (4:00) - Asi como hoy matan negros (3:00) - Chile herido (3:00) - Calambito temucano [(strumentale) (4:00)] - Exilada del sur (4:00) - La partida [(strumentale) (4:00)] - Lo que mas quiero (4:00) - Ya parte el galgo terrible (4:00) - El pueblo unito jamas sera vencido (3:00)</subfield>
  </datafield>
  <datafield tag="650" ind1=" " ind2=" ">
    <subfield code="a">CANZONE CILENA [DISCHI]</subfield>
    <subfield code="e">Codice MATERIA SPICS: 9950</subfield>
    <subfield code="9">2713</subfield>
  </datafield>
  <datafield tag="700" ind1=" " ind2=" ">
    <subfield code="a">Inti-Illimani </subfield>
    <subfield code="g">Codice interprete SPICS: 10953</subfield>
    <subfield code="e">Interprete</subfield>
    <subfield code="9">2714</subfield>
  </datafield>
  <datafield tag="700" ind1=" " ind2=" ">
    <subfield code="a">Parra Violeta</subfield>
    <subfield code="g">Codice autore testo/musica SPICS: 22932</subfield>
    <subfield code="e">Autore testo/musica</subfield>
    <subfield code="p">Corazon maldito - Exilada del sur - Lo que mas quiero</subfield>
    <subfield code="9">2715</subfield>
  </datafield>
  <datafield tag="700" ind1=" " ind2=" ">
    <subfield code="a">Jara Victor</subfield>
    <subfield code="g">Codice autore musica SPICS: 17073</subfield>
    <subfield code="e">Autore musica</subfield>
    <subfield code="p">El aparecido - La partida</subfield>
    <subfield code="9">2716</subfield>
  </datafield>
  <datafield tag="700" ind1=" " ind2=" ">
    <subfield code="a">Neruda Pablo</subfield>
    <subfield code="g">Codice autore testo SPICS: 22933</subfield>
    <subfield code="e">Autore testo</subfield>
    <subfield code="p">Asi como hoy matan negros - Ya parte el galgo terrible</subfield>
    <subfield code="9">2717</subfield>
  </datafield>
  <datafield tag="700" ind1=" " ind2=" ">
    <subfield code="a">Ortega Sergio</subfield>
    <subfield code="g">Codice autore musica SPICS: 22934</subfield>
    <subfield code="e">Autore musica SPICS: 22934</subfield>
    <subfield code="p">Asi como hoy matan negros - Ya parte el galgo terrible - El pueblo unito jamas sera vencido</subfield>
    <subfield code="9">2718</subfield>
  </datafield>
  <datafield tag="700" ind1=" " ind2=" ">
    <subfield code="a">Advis Luis</subfield>
    <subfield code="g">Codice autore musica SPICS: 22936</subfield>
    <subfield code="e">Autore musica</subfield>
    <subfield code="p">Chile herido</subfield>
    <subfield code="9">2719</subfield>
  </datafield>
  <datafield tag="700" ind1=" " ind2=" ">
    <subfield code="a">Coulon Jorge</subfield>
    <subfield code="g">Codice autore testo/musica SPICS: 22935</subfield>
    <subfield code="e">Autore testo/musica</subfield>
    <subfield code="p">Chile herido</subfield>
    <subfield code="9">2720</subfield>
  </datafield>
  <datafield tag="700" ind1=" " ind2=" ">
    <subfield code="a">Manns Patricio</subfield>
    <subfield code="g">Codice autore musica SPICS: 22937</subfield>
    <subfield code="e">Autore musica</subfield>
    <subfield code="p">Exilada del sur</subfield>
    <subfield code="9">2721</subfield>
  </datafield>
  <datafield tag="700" ind1=" " ind2=" ">
    <subfield code="a">Parra Isabel</subfield>
    <subfield code="g">Codice autore musica SPICS: 22938</subfield>
    <subfield code="e">Autore musica</subfield>
    <subfield code="p">Lo que mas quiero</subfield>
    <subfield code="9">2722</subfield>
  </datafield>
  <datafield tag="700" ind1=" " ind2=" ">
    <subfield code="a">Quilapayun</subfield>
    <subfield code="g">Codice autore musica SPICS: 22939</subfield>
    <subfield code="e">Autore musica SPICS: 22939</subfield>
    <subfield code="p">El pueblo unito jamas sera vencido</subfield>
    <subfield code="9">2723</subfield>
  </datafield>
  <datafield tag="942" ind1=" " ind2=" ">
    <subfield code="c">MD</subfield>
    <subfield code="2">ddc</subfield>
  </datafield>
  <datafield tag="952" ind1=" " ind2=" ">
    <subfield code="0">0</subfield>
    <subfield code="1">0</subfield>
    <subfield code="4">0</subfield>
    <subfield code="6">20719_000000000000000</subfield>
    <subfield code="7">1</subfield>
    <subfield code="a">SPICS</subfield>
    <subfield code="b">SPICS</subfield>
    <subfield code="d">2013-10-25</subfield>
    <subfield code="l">0</subfield>
    <subfield code="o">20719</subfield>
    <subfield code="r">2013-10-25 00:00:00</subfield>
    <subfield code="w">2013-10-25</subfield>
    <subfield code="y">MD</subfield>
    <subfield code="z">Progr. Ins.: 4 / N.Vol.: n.d. / Copie: 1 - Copia rara: n.d. / date import: 01.01.2014 - By Epidotti, Trombetti, Vaglietti</subfield>
  </datafield>
</record>
